Declaraciones del generalísimo Dr. Rafael Leónidas Trujillo Molina, Presidente de la República, benefactor de la patria dirigidas a la nación el domingo 28 de marzo del 1937, desde San Cristóbal, residencia temporal del Poder Ejecutivo, por las estaciones de radio HIX, HI1X y HI2X. (Registro nro. 30033)
[ vista simple ]
| 000 -CABECERA | |
|---|---|
| campo de control de longitud fija | 00778nam a2200157 a 4500 |
| 001 - NÚMERO DE CONTROL | |
| campo de control | 000030541 |
| 005 - FECHA Y HORA DE LA ÚLTIMA TRANSACCIÓN | |
| campo de control | 20200930062352.0 |
| 008 - DATOS DE LONGITUD FIJA--INFORMACIÓN GENERAL | |
| campo de control de longitud fija | 110523s1937 dr c r 000 | spa d |
| 040 ## - FUENTE DE LA CATALOGACIÓN | |
| Centro catalogador/agencia de origen | DO-SdBNP |
| Lengua de catalogación | spa |
| Centro/agencia transcriptor | BNPHU |
| 082 ## - NÚMERO DE LA CLASIFICACIÓN DECIMAL DEWEY | |
| Número de clasificación | xxxx |
| Número de documento/Ítem | R426d |
| 110 1# - ENTRADA PRINCIPAL--NOMBRE DE ENTIDAD CORPORATIVA | |
| Nombre de entidad corporativa o nombre de jurisdicción como elemento de entrada | República Dominicana. |
| Unidad subordinada | Presidente (1930-1938 : Trujillo Molina) |
| 9 (RLIN) | 57161 |
| 245 10 - MENCIÓN DE TÍTULO | |
| Título | Declaraciones del generalísimo Dr. Rafael Leónidas Trujillo Molina, Presidente de la República, benefactor de la patria dirigidas a la nación el domingo 28 de marzo del 1937, desde San Cristóbal, residencia temporal del Poder Ejecutivo, por las estaciones de radio HIX, HI1X y HI2X. |
| 260 ## - PUBLICACIÓN, DISTRIBUCIÓN, ETC. | |
| Lugar de publicación, distribución, etc. | Ciudad Trujillo, República Dominicana : |
| Nombre del editor, distribuidor, etc. | La Nación, |
| Fecha de publicación, distribución, etc. | 1937. |
| 300 ## - DESCRIPCIÓN FÍSICA | |
| Extensión | 15 p. : |
| Otras características físicas | il., retrs. ; |
| Dimensiones | 23 cm. |
| 590 ## - NOTA LOCAL (RLIN) | |
| Nota local | Inventariado, 2018/LP |
| Estado de retiro | Estado de pérdida | Restricciones de uso | No para préstamo | Código de colección | Localización permanente | Ubicación/localización actual | Ubicación en estantería | Fecha de adquisición | Número de inventario | Total de préstamos | Signatura topográfica completa | Código de barras | Fecha visto por última vez | Precio válido a partir de | Tipo de ítem Koha | Nota pública |
|---|---|---|---|---|---|---|---|---|---|---|---|---|---|---|---|---|
| Excluido de préstamo | Raros y valiosos | Patrimonio Dominicano | Patrimonio Dominicano | Depósito | 23.05.2011 | LF1 | xxxx R426d | 30541-10 | 25.06.2020 | 25.06.2020 | No se presta | Perteneció a la biblioteca personal de Martínez Boog. |
